Text book of cost and management accounting I: Bcom III sem Ed 1 (Record no. 215785)
[ view plain ]
| 000 -LEADER | |
|---|---|
| fixed length control field | 00563nam a2200181Ia 4500 |
| 008 - FIXED-LENGTH DATA ELEMENTS--GENERAL INFORMATION | |
| fixed length control field | 210719s2015 xx 000 0 und d |
| 041 ## - LANGUAGE CODE | |
| Language code of text/sound track or separate title | eng |
| 082 ## - DEWEY DECIMAL CLASSIFICATION NUMBER | |
| Classification number | 657.42 SHET |
| 100 ## - MAIN ENTRY--PERSONAL NAME | |
| Personal name | SHETTY (Balakrishna G) |
| 245 ## - TITLE STATEMENT | |
| Title | Text book of cost and management accounting I: Bcom III sem Ed 1 |
| 250 ## - EDITION STATEMENT | |
| Edition statement | 1 |
| 260 ## - PUBLICATION, DISTRIBUTION, ETC. | |
| Place of publication, distribution, etc. | Mangaluru |
| Name of publisher, distributor, etc. | Universal King Publishers |
| Date of publication, distribution, etc. | 2015 |
| 300 ## - PHYSICAL DESCRIPTION | |
| Extent | x,306 |
| Other physical details | PB |
| 365 ## - TRADE PRICE | |
| Price amount | 170 |
| Currency code | Rs |
| 650 ## - SUBJECT ADDED ENTRY--TOPICAL TERM | |
| Topical term or geographic name entry element | Cost Accounting |
| 650 ## - SUBJECT ADDED ENTRY--TOPICAL TERM | |
| Topical term or geographic name entry element | Cost Accounting |
| 906 ## - LOCAL DATA ELEMENT F, LDF (RLIN) | |
| a | 1 ; accounting ; Bcom ; book ; cost ; Ed ; I: ; III ; management ; sem ; Text |
| Withdrawn status | Lost status | Source of classification or shelving scheme | Damaged status | Not for loan | Collection code | Home library | Current library | Date acquired | Source of acquisition | Cost, normal purchase price | Total Checkouts | Full call number | Barcode | Date last seen | Date last checked out | Price effective from | Koha item type |
|---|---|---|---|---|---|---|---|---|---|---|---|---|---|---|---|---|---|
| Dewey Decimal Classification | Commerce | St Aloysius Library | St Aloysius Library | 06/09/2018 | General Annual | 170.00 | 2 | 657.42 SHET | D04419 | 10/03/2025 | 09/22/2025 | 07/19/2021 | Donated Books |